000
00320nam a2200133Ia 4500
008
240624s9999 xx 000 0 und d
041
_a
eng
082
_a
828 MOR
100
_a
MORITA AKIO
245
_a
MADE IN JAPAN
260
_c
2009
_a
New Delhi
_b
Penguin Books India Pvt. Ltd
300
_a
344 : p.
365
_c
RS
_b
25
999
_c
19435
_d
19435